000 00381nam a22001457a 4500
003 SGT
082 _a618.2
_bM22S
100 _aMISHRA, AKSHARA
245 _aA STUDY ON FETO-MATERNAL OUTCOME IN TREATED AND UNTREATED HYPOTHYROIDISM IN PREGNANCY
260 _aGURUGRAM
_bSGTU
_c2022
300 _a137
650 _aOBSTETRICS AND GYNAECOLOGY
653 _aMS
942 _2ddc
_cTH
999 _c33186
_d33186